• 首页
  • 本馆介绍
  • 公告通知
  • 最新文献
  • 馆藏检索
  • 电子资源
  • 读者导购
  • 参考咨询
  • 我的图书馆
  • 登录
  • 详细信息显示
  • 放入我的书架
  • 预约/预借图书
  • 作者相关作品
  • 分类相关作品
  • 丛书相关作品
  • 出版社相关作品

书目信息

  • 表格格式
  • 工作单格式
  • 卡片格式
题名:
赢在精细化
    
 
作者: 严家明 , 吕国荣 编者
分册:  
出版信息: 北京   机械工业出版社  2010
页数: 194页
开本: 21cm
丛书名:
单 册:
中图分类: B026
科图分类:
主题词: 工作方法
电子资源:
ISBN: 978-7-111-29867-0
000 00910nam0 2200253 45
001 1050875468
005 20100415103922.76
010    @a978-7-111-29867-0@dCNY26.00
100    @a20100409d2010 em y0chiy50 ea
101 0  @achi
102    @aCN@b110000
105    @ay z 000yy
106    @ar
200 1  @a赢在精细化@AYing Zai Jing Xi Hua@e把工作做精 将事情做细@EBa Gong Zuo Zuo Jing Jiang Shi Qing Zuo Xi@f严家明,吕国荣编者@FYan Jia Ming, Lu^ Guo Rong Bian Zhe
210    @a北京@c机械工业出版社@d2010
215    @a194页@d21cm
330    @a本书6章,内容包括:工作精细化、质量精细化、成本管控精细化、安全生产精细化等。
517 1  @a把工作做精 将事情做细@ABa Gong Zuo Zuo Jing Jiang Shi Qing Zuo Xi
606 0  @a工作方法
690    @aB026@v4
701  0 @a严家明@AYan Jia Ming@4编者
701  0 @a吕国荣@ALu^ Guo Rong@4编者
801  0 @aCN@bTANGWEI@c20100415
905    @b0591314-18@dB026@e108@f5
    
    赢在精细化:把工作做精 将事情做细/严家明,吕国荣编者.-北京:机械工业出版社,2010
    194页;21cm
    
    
    ISBN 978-7-111-29867-0:CNY26.00
    本书6章,内容包括:工作精细化、质量精细化、成本管控精细化、安全生产精细化等。
●
相关链接 在E读中查询图书 在五车中查询图书 在当当中查询图书 在豆瓣中查询图书


正题名:赢在精细化     索取号:B026/108         预约/预借

序号 登录号 条形码 馆藏地/架位号 状态 备注
1 0591314   205913145   第一样本阅览室/ [索取号:B026/108] 在馆    
2 0591315   205913154   第一借阅区/ [索取号:B026/108] 在馆    
3 0591316   205913163   第一借阅区/ [索取号:B026/108] 在馆    
4 0591317   205913172   第一借阅区/ [索取号:B026/108] 在馆    
5 0591318   205913181   第一借阅区/ [索取号:B026/108] 在馆    
唐山师范学院图书馆 欢迎您!
大连网信软件有限公司© 版权所有